000
00227nam a2200097Ia 4500
008
240331s9999 xx 000 0 und d
082
_a
303.4
_b
SRI
100
_a
Srinivas, M.N.
245
0
_a
Social change inmodern India
942
_c
L
999
_c
1224
_d
1224